000 00312nam a22001337a 4500
008 170428b xxu||||| |||| 00| 0 eng d
020 _a9781422474235
041 _aeng
080 _24 ED
_a343.9
100 _a13
101 _aSHJ
245 _aUNDERTANDING CRIMINAL PROCEDURE
_cDREDDLER.J
942 _2udc
_cBK
999 _c12312
_d12312